000 00513nam a22001577a 4500
020 _qHard Cover.
082 _aBEE-5 IRT
100 _aS. Irteza Ubaid.
245 _aDynamic Instrumentation Framework for Multicore MIPS Processors /
_cUbaid, S. Irteza
260 _aIslamabad:
_bSEECS-NUST,
_c2012.
300 _a55 p. :
_bill. ;
_c30cm.
650 _aBachelor in Electrical Engineering .
_955460
700 _aDr. Zahid Anwar
_923130
942 _2ddc
_cPR
999 _c566314
_d566314